000 00269nam a2200109Ia 4500
008 190216s9999||||xx |||||||||||||| ||und||
100 _aKallikad Ramachandran
245 0 _aNilavilurangunna Chorathulligal
260 _bCurrent Books
650 _aMalayalam
942 _cBK
999 _c26512
_d26512